000 01376cam a22003494a 4500
001 13822098
003 ARRUPE
005 20140423113513.0
008 041221r20052004nyub b 001 0 eng
010 _a 2004030574
020 _a0192831933 (alk. paper)
040 _aDLC
_cDLC
_dDLC
041 1 _aeng
_hara
042 _apcc
050 0 0 _aBP109
_b2005
082 0 0 _a297.1/22521
_222
130 0 _aQurʼan.
_lEnglish.
_99932
245 1 4 _aThe Qurʼan /
_ca new translation by M.A.S. Abdel Haleem.
260 _aNew York :
_bOxford University Press,
_c2005.
300 _axli, 464 p. :
_bmap ;
_c20 cm.
490 1 _aOxford world's classics
500 _aOriginally published: 2004.
504 _aIncludes bibliographical references and index.
700 1 _aAbdel Haleem, M. A.
_99933
830 0 _aOxford world's classics (Oxford University Press)
_99934
856 4 1 _3Table of contents only
_uhttp://www.loc.gov/catdir/toc/ecip055/2004030574.html
856 4 2 _3Publisher description
_uhttp://www.loc.gov/catdir/enhancements/fy0638/2004030574-d.html
856 4 2 _3Contributor biographical information
_uhttp://www.loc.gov/catdir/enhancements/fy0724/2004030574-b.html
906 _a7
_bcbc
_corignew
_d1
_eecip
_f20
_gy-gencatlg
942 _2lcc
_cMONOGRAPH
999 _c120424
_d120424